Govt. of
Madhya Pradesh

Bombay london New York (Record no. 31711)

MARC details
000 -LEADER
fixed length control field 004390000a22001810004500
003 - CONTROL NUMBER IDENTIFIER
control field MACL
005 - DATE AND TIME OF LATEST TRANSACTION
control field 20160129145249.0
008 - FIXED-LENGTH DATA ELEMENTS--GENERAL INFORMATION
fixed length control field 160129b xxu||||| |||| 00| 0 eng d
040 ## - CATALOGING SOURCE
Original cataloging agency MACL
Transcribing agency MACL
041 ## - LANGUAGE CODE
Language code of text/sound track or separate title English
082 ## - DEWEY DECIMAL CLASSIFICATION NUMBER
Classification number 800/BHA
100 ## - MAIN ENTRY--PERSONAL NAME
Personal name Kumar, Amitava
9 (RLIN) 9329
245 ## - TITLE STATEMENT
Title Bombay london New York
260 ## - PUBLICATION, DISTRIBUTION, ETC. (IMPRINT)
Name of publisher, distributor, etc. Penguin Books
Date of publication, distribution, etc. 2002
Place of publication, distribution, etc. New Delhi
350 ## - PRICE (NR) (BK AM CF MU VM SE) [OBSOLETE]
Price 250
650 ## - SUBJECT ADDED ENTRY--TOPICAL TERM
Topical term or geographic name as entry element Literature
9 (RLIN) 35415
942 ## - ADDED ENTRY ELEMENTS (KOHA)
Koha item type Books
Call number prefix 800/Kum
Source of classification or shelving scheme
Holdings
Withdrawn status Lost status Source of classification or shelving scheme Damaged status Not for loan Home library Current library Date acquired Cost, normal purchase price Total Checkouts Full call number Barcode Date last seen Uniform Resource Identifier Price effective from Koha item type
          MACL MACL 29/01/2016 250.00   800/Kum CLC003793 29/04/2015 31765 15/04/2015 Books